000 00871nam a2200289Ia 4500
001 Para_2103
003 CHAP
008 220125s1991 xx 000 0 und d
010 _a200736
040 _cCHAP
082 _aPA 632.9 M35
100 _aMalais, M.
_9165594
245 _aConocer y reconocer :
_b la biología de las plagas de invernadero y sus enemigos naturales /
_c por M. Malais y W.J. Ravensberg
260 _aRotterdam :
_b Koppert biological sistems
300 _a109 p.
650 _aControl biológico de plagas
_927587
650 _aEntomología
_937113
650 _aEntomología
_x sistemática
_9165236
700 _aRavensberg, W.J.
_9163839
901 _aPA 632.9 M35
902 _aM
905 _a0000001991 ai 0000000000 00
910 _a1991
942 _cPARA
942 _cPARA
_d1
999 _c200736
_d200736